Ausgewählte Reden und Aufsätze (Record no. 7068)

MARC details
000 -LEADER
fixed length control field 00399nam a22001817i 4500
001 - CONTROL NUMBER
control field 8452
003 - CONTROL NUMBER IDENTIFIER
control field OSt
005 - DATE AND TIME OF LATEST TRANSACTION
control field 20170126082410.0
007 - PHYSICAL DESCRIPTION FIXED FIELD--GENERAL INFORMATION
fixed length control field tu
008 - FIXED-LENGTH DATA ELEMENTS--GENERAL INFORMATION
fixed length control field 161220s1973 xxu||||| |||| 00| 0 d
020 ## - INTERNATIONAL STANDARD BOOK NUMBER
International Standard Book Number 3-85364-007-9
024 7# - OTHER STANDARD IDENTIFIER
Standard number or code 8452
Source of number or code RID
040 ## - CATALOGING SOURCE
Transcribing agency OSt
100 1# - MAIN ENTRY--PERSONAL NAME
Personal name Schiwkov, Todor
245 00 - TITLE STATEMENT
Title Ausgewählte Reden und Aufsätze
260 ## - PUBLICATION, DISTRIBUTION, ETC.
Place of publication, distribution, etc. Wien :
Name of publisher, distributor, etc. Globus Verl.,
Date of publication, distribution, etc. 1973.
300 ## - PHYSICAL DESCRIPTION
Extent 368 S.
942 ## - ADDED ENTRY ELEMENTS (KOHA)
Koha item type Book
Holdings
Withdrawn status Lost status Damaged status Not for loan Home library Current library Shelving location Date acquired Inventory number Total Checkouts Full call number Barcode Date last seen Price effective from Koha item type
        WIIW WIIW Souterrain 03/13/2013 8452   I-40 10005518 01/26/2017 01/26/2017 Book
The Vienna Instiute for International Economic Studies (wiiw)